Victoria V/Line Stations - Statistics

General Stats
  • This quiz has been taken 176 times
  • The average score is 64 of 109
Answers on the Map
Answers color-coded by a green-red scale on the quiz's map according to % correct below.
 
Answer Stats
Station % Correct
Ballarat
94%
Bendigo
92%
Geelong
90%
Southern Cross
90%
Ararat
88%
Shepparton
88%
Sunshine
88%
Bairnsdale
86%
Traralgon
86%
Albury
84%
Footscray
84%
Sunbury
84%
Swan Hill
84%
Warrnambool
84%
Wodonga
84%
Bacchus Marsh
82%
Flinders Street
82%
Dandenong
80%
Echuca
80%
Melton
80%
Pakenham
80%
Richmond
78%
Seymour
78%
Caulfield
76%
Deer Park
76%
Moe
76%
North Melbourne
76%
South Geelong
76%
Ardeer
74%
Lara
74%
Maryborough
74%
Morwell
74%
North Geelong
74%
Sale
74%
Tarneit
72%
Wangaratta
72%
Corio
70%
Nar Nar Goon
70%
Broadmeadows
68%
Castlemaine
68%
Colac
68%
Watergardens
68%
Little River
66%
Warragul
66%
Waurn Ponds
66%
Berwick
64%
Craigieburn
64%
Clayton
62%
Essendon
62%
North Shore
62%
Rockbank
62%
Marshall
58%
Trafalgar
58%
Heathcote Junction
56%
Wallan
56%
Wyndham Vale
56%
Ballan
54%
Caroline Springs
54%
Cobblebank
54%
Donnybrook
54%
Gisborne
54%
Kyneton
54%
Benalla
52%
Kangaroo Flat
52%
Riddell's Creek
52%
Violet Town
52%
Wendouree
52%
Winchelsea
52%
Camperdown
50%
Drouin
50%
Euroa
50%
Garfield
50%
Woodend
48%
Eaglehawk
46%
Pyramid
46%
Rosedale
46%
Broadford
44%
Yarragon
44%
Bunyip
42%
Macedon
42%
Stratford
42%
Creswick
40%
Elmore
40%
Kerang
40%
Kilmore East
40%
Mooroopna
40%
Tallarook
40%
Tynong
40%
Wandong
40%
Beaufort
38%
Epsom
38%
Sherwood Park
38%
Dingee
36%
Nagambie
36%
Terang
36%
Murchison East
34%
Clarkefield
32%
Malmsbury
32%
Clunes
30%
Goornong
30%
Longwarry
30%
Rochester
30%
Birregurra
28%
Chiltern
28%
Huntly
28%
Raywood
28%
Springhurst
28%
Talbot
28%
Avenel
26%
No matching quizzes found
Score Distribution
Percent of People with Each Score
Percentile by Number Answered
Your Score History
You have not taken this quiz